| 000 | 00883nam a2200193 a 4500 | ||
|---|---|---|---|
| 008 | 120416s1966 ||||||||||||||||| || u | ||
| 050 | _aHD 82 Lou | ||
| 100 | _aLoucks, William Negele | ||
| 245 | 1 | 0 | _aComparative economic systems. (7th ed.) |
| 250 | _a7th ed. | ||
| 260 |
_aNew York: _bHarper and Row _c1966 |
||
| 300 | _ax, 758p. | ||
| 350 | _a0.00 | ||
| 650 | 0 | _aECONOMIC POLICY | |
| 650 | 0 | _aECONOMICS | |
| 995 |
_aANNEX COLLECTION (Main Library) _D0.00 _e710243 _FCBU-MAIN LIBRARY (Kitwe) _H1 _I0.00 _jHD 82 Lou _M1 _UAVAILABLE _y003909 _ZAnnex Low-Usage Collection |
||
| 995 |
_aMAIN LIBRARY OPEN ACCESS _D0.00 _e710244 _FCBU-MAIN LIBRARY (Kitwe) _H2 _I0.00 _jHD 82 Lou _M2 _UAVAILABLE _y003910 _ZMain Library Open Access Collection |
||
| 995 |
_aANNEX COLLECTION (Main Library) _D0.00 _e710242 _FCBU-MAIN LIBRARY (Kitwe) _H3 _I0.00 _jHD 82 Lou _M3 _UAVAILABLE _y003911 _ZAnnex Low-Usage Collection |
||
| 999 |
_c79577 _d79577 |
||